00474nam a2200157 i 450000100060000000300090000600500170001500700030003200800410003524501060007625000150018226000430019730000220024070000230026285200310028582570ES-MaACL20230906174710.0t|041111s1977 sp ||||1| spa d00aImperialismo y comercio internacional b: (intercambio desigual) /cpor Arghiri Emmanuel... [et al.]. a[4ยช ed.]. a[Madrid] : bSiglo Veintiuno, c[1977] a249 p. ; c18 cm.1 aEmmanuel, Arghiri. aES-MaACLjA-7007 bR.95928